000 00533nam a2200205 i 4500
001 bg
100 1 _aHERMAN, Józef
245 0 _aŁączenie bezzestykowe /
_cJózef Herman.
260 _aWarszawa :
_bWNT,
_c1982.
650 9 _aEnergoelektronika
650 9 _aŁączniki
650 9 _aPółprzewodniki
_xurządzenia
650 9 _aPrzetworniki
655 _aPodręczniki akademickie
040 _cBPK
041 _apol
080 _a621.314/.315:621.382](075.8)
942 _cKS
008 s pl f |000 0 pol
999 _c20293
_d20293
856 _uhttp://koha.tu.koszalin.pl/cgi-bin/koha/opac-detail.pl?biblionumber=20293
_yKatalog online BPK